| 000 | 00525nam a22001937a 4500 | ||
|---|---|---|---|
| 003 | OSt | ||
| 005 | 20251015155117.0 | ||
| 008 | 251015b |||||||| |||| 00| 0 eng d | ||
| 020 | _a9788126555376 | ||
| 040 | _cDDC | ||
| 082 | _a620 STE 2015 | ||
| 100 |
_aStephens, Rod _919479 |
||
| 245 | _aBeginning Software Engineering | ||
| 260 |
_aIndianapolis; _bJohn wiley, _c2015 |
||
| 300 | _axxix,447p.;Ill: 24cm | ||
| 504 | _aAppendix, glossary, & index included | ||
| 650 |
_aSoftware engineering _9565 |
||
| 942 |
_2ddc _cO_SHELF |
||
| 999 |
_c9574 _d9574 |
||